[Event "La Roda op 49th"]
[Site "La Roda"]
[Date "2023.04.06"]
[Round "3"]
[White "Jarque Megias, Juan Jose"]
[Black "Shyam, Nikil P"]
[Result "0-1"]
[WhiteElo "1974"]
[BlackElo "2476"]
[PlyCount "92"]
[EventDate "2023.04.05"]
[EventType "swiss"]
[EventRounds "9"]
[EventCountry "ESP"]
[SourceTitle "CBM 213 Extra"]
[Source "ChessBase"]
[SourceDate "2023.05.31"]
[SourceVersion "1"]
[SourceVersionDate "2023.05.31"]
[SourceQuality "1"]

1. e4 c5 2. c3 Nf6 3. e5 Nd5 4. d4 cxd4 5. Nf3 d6 6. cxd4 e6 7. Bc4 Nb6 8. Bd3 Nc6 9. a3 dxe5 10. dxe5 Nd7 11. Qe2 Ndxe5 12. Nxe5 Nxe5 13. Bb5+ Nd7 14. 0-0 a6 15. Ba4 b5 16. Bc2 Bb7 17. Rd1 Be7 18. Be3 0-0 19. Bxh7+ Kxh7 20. Qd3+ f5 21. Qxd7 Bd5 22. Qxd8 Rb8 23. Qxf8 Rxf8 24. Nc3 Bb3 25. Rd8 Rxd8 26. g3 Rd3 27. Rc1 Bf6 28. Kf1 g5 29. Ke1 Kg6 30. Ke2 Bc4 31. Ke1 Rd7 32. Rc2 g4 33. Rd2 Rh7 34. Rd6 Rxh2 35. Ne2 Bxb2 36. Rxa6 b4 37. Nf4+ Kf6 38. Rc6 bxa3 39. Rxc4 a2 40. Ra4 a1Q+ 41. Rxa1 Bxa1 42. Kf1 e5 43. Ne2 Bb2 44. Kg1 Rh7 45. Kg2 Ke6 46. f3 Kd5 0-1

[Event "Laujar de Andarax op 1st"]
[Site "Laujar de Andarax"]
[Date "2021.10.12"]
[Round "7"]
[White "Jarque Megias, Juan Jose"]
[Black "Grigoryan, Karen H"]
[Result "0-1"]
[WhiteElo "2013"]
[BlackElo "2634"]
[PlyCount "120"]
[EventDate "2021.10.08"]
[EventType "swiss"]
[EventRounds "7"]
[EventCountry "ESP"]
[SourceTitle "EXT 2023"]
[Source "ChessBase"]
[SourceDate "2022.10.05"]
[SourceVersion "1"]
[SourceVersionDate "2022.10.05"]
[SourceQuality "1"]

1. e4 c5 2. c3 Nf6 3. e5 Nd5 4. d4 cxd4 5. Nf3 e6 6. cxd4 d6 7. a3 Bd7 8. Bd3 Bc6 9. 0-0 Nd7 10. Re1 Be7 11. exd6 Bxd6 12. Nbd2 N5f6 13. b4 Bd5 14. Nf1 a5 15. b5 a4 16. Ne3 Bb3 17. Qe2 0-0 18. Nd2 Bd5 19. Nxd5 exd5 20. Qf3 Qa5 21. Rd1 Rac8 22. Nf1 Qc3 23. Bf4 Bxf4 24. Qxf4 Qc7 25. Qf3 g6 26. Ne3 Qd6 27. g4 Rfe8 28. g5 Ne4 29. Bxe4 Rxe4 30. Ng4 Kg7 31. Rac1 Rce8 32. Nh6 f6 33. Rd3 Rf8 34. Qg3 Qxg3+ 35. hxg3 fxg5 36. Rc7 Kxh6 37. Rxd7 g4 38. Rd2 Re1+ 39. Kg2 Rc8 40. Rxd5 Rcc1 41. f4 Rg1+ 42. Kf2 Rcf1+ 43. Ke2 Rf3 44. Re5 Rgxg3 45. d5 Rg2+ 46. Kd1 Rxd2+ 47. Kxd2 Rxf4 48. Ke3 Rf1 49. Ke2 Rf6 50. Re4 Rd6 51. Re5 Rb6 52. Re4 Rxb5 53. Rd4 Kg5 54. d6 Re5+ 55. Kf2 Re8 56. Rxa4 Rf8+ 57. Kg2 Rd8 58. Rd4 Kf5 59. d7 Ke5 60. Rd3 Ke6 0-1

[Event "Almansa op-B 12th"]
[Site "Almansa"]
[Date "2017.08.04"]
[Round "6"]
[White "Perez Garcia, Jose Miguel"]
[Black "Jarque Megias, Juan Jose"]
[Result "1/2-1/2"]
[WhiteElo "1956"]
[BlackElo "1937"]
[PlyCount "68"]
[EventDate "2017.08.01"]
[EventType "swiss"]
[EventRounds "9"]
[EventCountry "ESP"]
[SourceTitle "EXT 2019"]
[Source "ChessBase"]
[SourceDate "2018.10.10"]
[SourceVersion "1"]
[SourceVersionDate "2018.10.10"]
[SourceQuality "1"]

1. Nf3 Nf6 2. g3 d5 3. d4 e6 4. Bg2 b5 5. 0-0 Bb7 6. b3 Nbd7 7. c4 bxc4 8. bxc4 c5 9. Nbd2 Be7 10. Rb1 Bc6 11. dxc5 Bxc5 12. cxd5 Bxd5 13. Nb3 0-0 14. Nxc5 Nxc5 15. Ba3 Rc8 16. Qd4 Bxf3 17. Qxd8 Rfxd8 18. Bxf3 Nce4 19. Rb7 Nd2 20. Ra1 Nxf3+ 21. exf3 Rd3 22. Rxa7 Rxf3 23. Bc5 h5 24. Ra3 Rf5 25. Bd4 Ne4 26. Kg2 Rc2 27. Rf3 Rd5 28. Bb6 Rb5 29. Bd4 Rd5 30. Bb6 Rb2 31. Be3 Ra5 32. Rc1 Nd6 33. Bc5 Nf5 34. a3 Ra2 1/2-1/2

[Event "La Roda op 43rd"]
[Site "La Roda"]
[Date "2016.03.24"]
[Round "2"]
[White "Jarque Megias, Juan Jose"]
[Black "Santos Ruiz, Miguel"]
[Result "0-1"]
[WhiteElo "2107"]
[BlackElo "2416"]
[PlyCount "110"]
[EventDate "2016.03.23"]
[EventType "swiss"]
[EventRounds "9"]
[EventCountry "ESP"]
[SourceTitle "CBM 171 Extra"]
[Source "ChessBase"]
[SourceDate "2016.04.26"]
[SourceVersion "1"]
[SourceVersionDate "2016.04.26"]
[SourceQuality "1"]

1. e4 c5 2. Nf3 e6 3. d4 cxd4 4. Nxd4 Nc6 5. Nc3 Qc7 6. Be3 a6 7. Qd2 Be7 8. 0-0-0 Nf6 9. h3 b5 10. Nxc6 Qxc6 11. e5 b4 12. exf6 bxc3 13. Qxc3 Qxc3 14. bxc3 Bxf6 15. Bd4 Bb7 16. Rg1 Bd5 17. c4 Bxd4 18. Rxd4 Bc6 19. g4 Ke7 20. Bg2 Rhc8 21. Bxc6 Rxc6 22. Rgd1 d6 23. R1d2 Rac8 24. Kd1 Rb6 25. R2d3 e5 26. Re4 g5 27. Rb3 Rbc6 28. Rb4 Ke6 29. f3 f6 30. Ke2 d5 31. cxd5+ Kxd5 32. c4+ Rxc4 33. Rexc4 Rxc4 34. Rb7 e4 35. fxe4+ Rxe4+ 36. Kf3 Ra4 37. Rd7+ Ke5 38. Re7+ Kd5 39. Rd7+ Ke6 40. Rxh7 Ra3+ 41. Ke4 Rxa2 42. Kd4 Ra3 43. Kc5 a5 44. Rh6 Ke5 45. Rh8 a4 46. Kb4 Ra1 47. Re8+ Kf4 48. Rh8 Kg3 49. Rh6 Rh1 50. Kxa4 Rxh3 51. Rxf6 Kxg4 52. Kb4 Rh1 53. Kc3 Rd1 54. Kc2 Rd5 55. Rf1 Kh3 0-1

[Event "ESP-ch U16"]
[Site "Salobrena"]
[Date "2015.07.24"]
[Round "7"]
[White "Ventura Bolet, Alexandre"]
[Black "Jarque Megias, Juan Jose"]
[Result "1-0"]
[WhiteElo "2087"]
[BlackElo "1987"]
[PlyCount "71"]
[EventDate "2015.07.20"]
[EventType "swiss"]
[EventRounds "9"]
[EventCountry "ESP"]
[SourceTitle "EXT 2016"]
[Source "ChessBase"]
[SourceDate "2015.10.08"]
[SourceVersion "1"]
[SourceVersionDate "2015.10.08"]
[SourceQuality "1"]

1. e4 c5 2. Nf3 a6 3. d4 cxd4 4. Nxd4 Nf6 5. Nc3 e5 6. Nb3 Bb4 7. Bd3 d5 8. exd5 Nxd5 9. 0-0 Nxc3 10. bxc3 Bxc3 11. Ba3 Bxa1 12. Qxa1 Nc6 13. f4 Be6 14. fxe5 Rc8 15. Bd6 Ne7 16. Qd4 Nc6 17. Qf4 Ne7 18. Kh1 Nd5 19. Qg3 g5 20. Nc5 Rxc5 21. Bxc5 h5 22. Rd1 h4 23. Qf2 h3 24. g3 Qc7 25. Bd6 Qc6 26. Be4 Qc4 27. Rd4 Qxa2 28. Qe1 Qb2 29. Rxd5 Bxd5 30. Bxd5 Qb6 31. c4 Rh6 32. Qf1 f6 33. Qf5 fxe5 34. Qc8+ Qd8 35. Bf7+ Kxf7 36. Qxd8 1-0

[Event "Alzira op"]
[Site "Alzira"]
[Date "2014.08.24"]
[Round "5"]
[White "Jarque Megias, Juan Jose"]
[Black "Pallas i Garrido, Ernest Josep"]
[Result "1-0"]
[WhiteElo "1854"]
[BlackElo "1844"]
[PlyCount "57"]
[EventDate "2014.08.22"]
[EventType "swiss"]
[EventRounds "9"]
[EventCountry "ESP"]
[SourceTitle "EXT 2016"]
[Source "ChessBase"]
[SourceDate "2015.10.08"]
[SourceVersion "1"]
[SourceVersionDate "2015.10.08"]
[SourceQuality "1"]

1. e4 e5 2. Nf3 Nc6 3. Bb5 a6 4. Ba4 Nf6 5. 0-0 Be7 6. c3 b5 7. Bc2 0-0 8. Re1 d5 9. exd5 Nxd5 10. Nxe5 Nxe5 11. Rxe5 Nf6 12. h3 Bd6 13. Re1 Ng4 14. Qf3 Qh4 15. d4 Bh2+ 16. Kf1 Nxf2 17. Qxf2 Bg3 18. Qd2 Bxh3 19. Re4 Bg4 20. Rxg4 Qh1+ 21. Ke2 Qxg2+ 22. Ke3 Rae8+ 23. Re4 Qg1+ 24. Kf3 Re6 25. Qe2 Rf6+ 26. Bf4 g5 27. Nd2 Bxf4 28. Rxg1 Bxd2+ 29. Kg2 1-0

[Event "Almansa op-B"]
[Site "Almansa"]
[Date "2013.08.07"]
[Round "3.3"]
[White "Jarque Megias, Juan Jose"]
[Black "Ceron Carrion, Cesar"]
[Result "1/2-1/2"]
[WhiteElo "1744"]
[BlackElo "1907"]
[PlyCount "129"]
[EventDate "2013.08.06"]
[EventType "swiss"]
[EventRounds "9"]
[EventCountry "ESP"]
[SourceTitle "EXT 2024"]
[Source "ChessBase"]
[SourceDate "2023.10.10"]
[SourceVersion "1"]
[SourceVersionDate "2023.10.10"]
[SourceQuality "1"]

1. e4 c5 2. Nf3 d6 3. d4 cxd4 4. Nxd4 Nf6 5. Nc3 g6 6. Be3 Bg7 7. f3 Nc6 8. Qd2 Bd7 9. 0-0-0 0-0 10. h4 h5 11. Be2 Ne5 12. Bg5 Rc8 13. Kb1 Nc4 14. Bxc4 Rxc4 15. Nb3 a5 16. e5 Ne8 17. exd6 Nxd6 18. Qxd6 exd6 19. Bxd8 Rxd8 20. Nxa5 Rb4 21. Nb3 Be6 22. Nd5 Rc4 23. Ne3 Ra4 24. Rd3 b5 25. Nd5 Kh7 26. Nc3 Raa8 27. Rhd1 Be5 28. Nd5 Ra4 29. Re3 Bg3 30. Nc3 Rxh4 31. Nxb5 Rh2 32. a4 Rxg2 33. N3d4 Bd7 34. Re2 Rxe2 35. Nxe2 Bh2 36. Nbc3 Ra8 37. b3 Rb8 38. f4 g5 39. Rh1 Bxf4 40. Nxf4 gxf4 41. Rxh5+ Kg6 42. Rh1 f3 43. Rf1 Bc6 44. Nb5 Bxb5 45. axb5 Rxb5 46. Rxf3 f5 47. c4 Rb8 48. Kc2 Kg5 49. Kc3 Kg4 50. Rf1 f4 51. Rg1+ Kh3 52. b4 f3 53. b5 f2 54. Rd1 Kg2 55. Kd4 f1Q 56. Rxf1 Kxf1 57. Kd5 Rb6 58. c5 dxc5 59. Kxc5 Rh6 60. b6 Ke2 61. b7 Rh8 62. Kb6 Kd3 63. Ka7 Rh7 64. Ka8 Rxb7 65. Kxb7 1/2-1/2